000 00862nab a2200253 u 4500
001 21664
003 HDC
007 cr bn ---aaaaa
008 210309b2016mmddmy d||ne |||| 00| 0 may d
040 _aHDC
245 0 _aPerluas pasaran produk ke luar negara
_c/ Berita Harian
260 _aMalaysia:
_bNew Straits Times Press (M) Bhd.,
_c2016
300 _a1 online resource (page 17)
336 _atext
_2rdacontent
337 _acomputer
_2rdamedia
338 _aonline resource
_2rdacarrier
650 _aHalal food industry
_9128
650 _aIndustries
_xReligious aspects
_xIslam
_917952
710 _aBerita Harian
856 _zRequest full-text at [email protected]
942 _2lcc
942 _cNEWS
942 _kNWSC 002789
999 _c18980
_d18980